Bratislava
| Titel: | Bratislava : známa - neznáma : Bratislava v 18. storočí očami Mateja Bela / autor prekladu: Erika Juríková ; editori: Daniel Kollár a Erika Juríková ; preklad nemeckého resumé: Stefan Michael Newerkla |
|---|---|
| Beteiligt: | ; ; |
| Ausgabe: | 1. vydanie |
| Veröffentlicht: | Bratislava : DAJAMA, 2021 |
| Umfang: | 159 Seiten : Illustrationen, Faksimiles, Karten ; 22 cm |
| Format: | Buch |
| Sprache: | Slowakisch |
| ISBN: | 9788081361241 |
| Hinweise zum Inhalt: |
Inhaltsverzeichnis
Abstract Cover Buch Bibliographie |
alg: 48419189 001A $03004:15-08-21 001B $01999:20-11-24 $t00:19:43.000 001D $03004:19-10-21 001U $0utf8 001X $00 002@ $0Aau 002C $aText $btxt $2rdacontent 002D $aohne Hilfsmittel zu benutzen $bn $2rdamedia 002E $aBand $bnc $2rdacarrier 003@ $0484191896 004A $A978-80-8136-124-1 007A $0484191896 $aHEB 007G $0DE0208FDF60F948BCA5DCC1258788004DB91E 009P $qapplication/pdf $A2 $3Inhaltsverzeichnis $uhttp://scans.hebis.de/HEBCGI/show.pl?48419189_toc.pdf $mV:DE-603;B:DE-Mb50 009P $qapplication/pdf $A2 $3Abstract $uhttp://scans.hebis.de/HEBCGI/show.pl?48419189_sum.pdf $mV:DE-603;B:DE-Mb50 009P $qapplication/pdf $A2 $3Cover $uhttp://scans.hebis.de/HEBCGI/show.pl?48419189_cov.pdf $mV:DE-603;B:DE-Mb50 009P $qapplication/pdf $A2 $3Buch Bibliographie $uhttp://scans.hebis.de/HEBCGI/show.pl?48419189_bib.pdf $mV:DE-603;B:DE-Mb50 010@ $aslo 010E $erda 011@ $a2021 $n2021 021A $aBratislava $dznáma - neznáma : Bratislava v 18. storočí očami Mateja Bela $hautor prekladu: Erika Juríková ; editori: Daniel Kollár a Erika Juríková ; preklad nemeckého resumé: Stefan Michael Newerkla 028C $BHerausgeber $4edt $7107250720X $8Juríková, Erika$Z1974- [Tp3] $9360466133 028C $BHerausgeber $4edt $7 $8Kollár, Daniel [Tnd] $9151698155 028C $BÜbersetzer $#Newerkla, Stefan $4trl $7129014133 $8Newerkla, Stefan Michael$Z1972- [Tp3] $9159415942 032@ $a1. vydanie 033A $pBratislava $nDAJAMA 034D $a159 Seiten 034I $a22 cm 034M $aIllustrationen, Faksimiles, Karten 044K $RMeliboeus $#Bel, Matthias $#Funtík, Matej $#Belius, Matthias G. $#M. B. P. K. $#Belius, Matthias Godofredus $#Belius, Mathias $#Bely, Matthias $#Bell, Matthias $#Belius, Matthaias $#Belius, Matthias $#Bel, Matej $#Meliboeus $7119315416 $8Bél, Mátyás$Z1684-1749 [Tp1] $9087655233 044K $RPreßburg $#Bratysława $#Brezalauspurc $#Hlavné Mesto SR Bratislava $#Preßburg $#Preßburg 1919- $#Pozsony 1919- $#Pisonium $#Posonium $#Pozsony $#Pressburg $#Posony $#Posonii $71063318696 $8Bratislava [Tg1] $9351201084 045F $a307.09437309032 $eDDC23BSB 045F/01 $a307.09 045F/03 $f09032 045F/03 $f09033 045F/03 $g4373 045R $aGeschichte 1684-1749 lok: 48419189 24 exp: 48419189 24 1 #EPN 201B/01 $019-10-21 $t13:15:58.000 201C/01 $015-08-21 201U/01 $0utf8 203@/01 $01165608014 208@/01 $a19-10-21 $bz 209A/01 $a21.04956 $du $f050 $h21 04956 $x00 209C/01 $a21.04956 K $h21 04956 K 209G/01 $a74253458 $x00 220C/01 $akon 247C/01 $8358050-7Marburg, Bibliothek des Herder-Instituts Marburg $9102600961 lok: 48419189 78 exp: 48419189 78 1 #EPN 201B/01 $027-10-21 $t14:56:01.000 201C/01 $027-10-21 201U/01 $0utf8 203@/01 $01171527810 208@/01 $a27-10-21 $be 209A/01 $a/ $f000 $x00 209A/01 $ab*p $x01 220C/01 $aeja 244Z/01 $#Slowakei $#Slowakei $#Slowakische Republik $#Oberungarn $#Slovensko $#Slovenská Republika $#Slovenská SR $#SSR $#Slovakia $#Slovaquie $#Slovak Republic $#République Slovaque $#Slovenská Socialistická Republika $#Slowakische Sozialistische Republik $#Slovak Socialist Republic $#République Socialiste Slovaque $74055297-4 $8--Tg1--Slowakei $x16 $9085153834 244Z/01 $#Cities and towns $#Villes $#Città $#Ciudades $#towns $#Stadt $#Stadt $#Stadtgebiet Stadt $#Städte $74056723-0 $8--Tsz--Stadt $x20 $9085157945 247C/01 $82080>Marburg/Lahn, Herder-Institut, Forschungsbibliothek, Bibliographieportal $9336309341
| LEADER | 00000cam a2200000 c 4500 | ||
|---|---|---|---|
| 001 | 484191896 | ||
| 003 | DE-603 | ||
| 005 | 20241120001943.0 | ||
| 007 | tu | ||
| 008 | 210815s2021 xx |||| | u00||u|slo c | ||
| 020 | |a 9788081361241 | ||
| 035 | |a (DE-599)HEB484191896 | ||
| 040 | |a DE-603 |b ger |c DE-603 |d DE-603 |e rda | ||
| 041 | |a slo | ||
| 082 | 0 | 4 | |8 1\u |a 307.09437309032 |q DE-101 |2 23/BSB |
| 085 | |8 1\u |b 307.09 | ||
| 085 | |8 1\u |z 1 |s 09032 | ||
| 085 | |8 1\u |z 1 |s 09033 | ||
| 085 | |8 1\u |z 2 |s 4373 | ||
| 245 | 0 | 0 | |a Bratislava |b známa - neznáma : Bratislava v 18. storočí očami Mateja Bela |c autor prekladu: Erika Juríková ; editori: Daniel Kollár a Erika Juríková ; preklad nemeckého resumé: Stefan Michael Newerkla |
| 250 | |a 1. vydanie | ||
| 264 | 1 | |a Bratislava |b DAJAMA |c 2021 | |
| 300 | |a 159 Seiten |b Illustrationen, Faksimiles, Karten |c 22 cm | ||
| 336 | |a Text |b txt |2 rdacontent | ||
| 337 | |a ohne Hilfsmittel zu benutzen |b n |2 rdamedia | ||
| 338 | |a Band |b nc |2 rdacarrier | ||
| 600 | 1 | 7 | |a Bél, Mátyás |d 1684-1749 |0 (DE-588)119315416 |0 (DE-603)087655233 |2 gnd |
| 648 | 7 | |a Geschichte 1684-1749 |2 gnd | |
| 651 | 7 | |a Bratislava |0 (DE-588)1063318696 |0 (DE-603)351201084 |2 gnd | |
| 700 | 1 | |a Juríková, Erika |d 1974- |e Herausgeber |4 edt |0 (DE-603)360466133 |0 (DE-588)107250720X |2 gnd | |
| 700 | 1 | |a Kollár, Daniel |e Herausgeber |4 edt |0 (DE-603)151698155 | |
| 700 | 1 | |a Newerkla, Stefan Michael |d 1972- |e Übersetzer |4 trl |0 (DE-603)159415942 |0 (DE-588)129014133 |2 gnd | |
| 856 | 4 | 2 | |m V:DE-603;B:DE-Mb50 |q application/pdf |u http://scans.hebis.de/HEBCGI/show.pl?48419189_toc.pdf |3 Inhaltsverzeichnis |
| 856 | 4 | 2 | |m V:DE-603;B:DE-Mb50 |q application/pdf |u http://scans.hebis.de/HEBCGI/show.pl?48419189_sum.pdf |3 Abstract |
| 856 | 4 | 2 | |m V:DE-603;B:DE-Mb50 |q application/pdf |u http://scans.hebis.de/HEBCGI/show.pl?48419189_cov.pdf |3 Cover |
| 856 | 4 | 2 | |m V:DE-603;B:DE-Mb50 |q application/pdf |u http://scans.hebis.de/HEBCGI/show.pl?48419189_bib.pdf |3 Buch Bibliographie |
| 924 | 0 | |9 Mb 50 |a (DE-603)1165608014 |b DE-Mb50 |c HES |d c |g 21.04956 | |
| 924 | 0 | |9 2080 |a (DE-603)1171527810 |b DE-2080 |c HES |d d |g / | |


